Visualizzazione normale
Vista MARC
- Costa Roberto
di Personal Name
Records bibliografici associati: 1
001 - CONTROL NUMBER
- control field: 2697
003 - CONTROL NUMBER IDENTIFIER
- control field: IT-RoPau
005 - DATE AND TIME OF LATEST TRANSACTION
- control field: 20131121110014.0
008 - FIXED-LENGTH DATA ELEMENTS
- fixed length control field: 131121|| aca||aabn | a|a d
040 ## - CATALOGING SOURCE
- Original cataloging agency: IT-RoPau
- Transcribing agency: IT-RoPau
100 ## - HEADING--PERSONAL NAME
- Personal name: Costa Roberto
- Dates associated with a name: Codice autore testo SPICS: 10838
- Relator term: Autore testo
- Name of part/section of a work: L'edizione del notiziario tv
670 ## - SOURCE DATA FOUND
- Source citation: Work cat.: (IT-RoPau)100164: Airoldi Luca 2691, Informazione televisiva (L')